Les morales des fables de Jean de la Fontaine - Statistiques

Statistiques générales
  • Ce quiz a été pris 360 fois
  • Le résultat moyen est 4 sur 15
Statistiques - réponses
Morales Fables % Correct
"Apprenez que tout flatteur vit aux dépens de celui qui l'écoute." Le Corbeau et le Renard
94%
"Rien ne sert de courir, il faut partir à point." Le Lièvre et la Tortue
92%
"La raison du plus fort est toujours la meilleure." Le Loup et l'Agneau
65%
"Patience et longueur de temps font plus que force ni que rage." Le Lion et le Rat
60%
"On a souvent besoin d'un plus petit que soi." Le Lion et le Rat
60%
"Travaillez, prenez de la peine: C'est le fonds qui manque le moins." Le Laboureur et ses Enfants
14%
"Les plus à craindre sont souvent les plus petits." Le Lion et le Moucheron
5%
"Le monde est plein de gens qui ne sont pas plus sages." La Grenouille qui veut se faire aussi grosse que le Bœuf
4%
"Les plus accomodants sont les plus habiles." Le Héron
4%
"Tel est pris qui croyait prendre." Le Rat et l'Huître
4%
"En toute chose il faut considérer la fin". Le Renard et le Bouc
2%
"On se voit d'un autre œil qu'on ne voit son prochain." La Besace
1%
"Il faut s'entraider, c'est la loi de la nature." L'Âne et le Chien
1%
"Laissez dire les sots, le savoir à son prix." L'Avantage de la Science
1%
"La Méfiance est mère de sûreté." Le Chat et un vieux Rat
1%
Aucun quiz correspondant
Distribution des résultats
% des personnes avec chaque résultat
Percentile par nombre de réponses
Votre historique - résultats
Vous n’avez pas pris ce quiz